{"text_format":"3","workbook":"xlsx","n_sheets":4,"sheets":["Pokyny pro vyplnění","Stavba","VzorPolozky","5 1 Pol"],"not_rendered":{"external_links":1,"defined_names":64,"comments":2},"read":"whole","date_system":"1900"}

{"sheet":"Pokyny pro vyplnění","index":0,"n_rows":2,"n_cols":1,"rows_kept":2,"hidden":true,"merged":[[1,0,1,6]]}
["Pokyny pro vyplnění"]
["Ve všech listech tohoto souboru můžete měnit pouze buňky s modrým pozadím. Jedná se o tyto údaje : \n- údaje o firmě\n- jednotkové ceny položek zadané na maximálně dvě desetinná místa"]

{"sheet":"Stavba","index":1,"n_rows":55,"n_cols":10,"rows_kept":55,"merged":[[0,1,0,9],[1,4,1,9],[2,4,2,9],[3,4,3,9],[4,3,4,6],[5,3,5,6],[6,4,6,6],[10,3,10,6],[11,3,11,6],[12,4,12,6],[14,4,14,5],[14,6,14,7],[14,8,14,9],[15,4,15,5],[15,6,15,7],[15,8,15,9],[16,4,16,5],[16,6,16,7],[16,8,16,9],[17,4,17,5],[17,6,17,7],[17,8,17,9],[18,4,18,5],[18,6,18,7],[18,8,18,9],[19,4,19,5],[19,6,19,7],[19,8,19,9],[20,4,20,5],[20,6,20,7],[20,8,20,9],[22,6,22,8],[23,6,23,8],[24,6,24,8],[25,6,25,8],[26,6,26,8],[27,6,27,8],[28,6,28,8],[33,3,33,4],[33,6,33,8],[34,3,34,4],[38,2,38,4],[39,2,39,4],[40,2,40,4],[41,1,41,4],[48,2,48,4],[49,2,49,4],[50,2,50,4],[51,2,51,4],[52,2,52,4],[53,2,53,4]]}
["#RTSROZP#","Položkový rozpočet stavby"]
[null,"Stavba:",null,"250403","ZŠ Gajdošova "]
[null,"Objekt:",null,"5","Vybourání šaten v I. NP"]
[{"v":3876,"d":"3,876.00"},"Rozpočet:",null,"1","stavba"]
[null,"Objednatel:",{"$nulls":5},"IČO:"]
[{"$nulls":7},"DIČ:"]
[]
[null,"Projektant:",{"$nulls":5},"IČO:"]
[{"$nulls":7},"DIČ:"]
[]
[null,"Zhotovitel:",{"$nulls":5},"IČO:"]
[{"$nulls":7},"DIČ:"]
[]
[null,"Vypracoval:"]
[null,"Rozpis ceny",{"$nulls":6},"Celkem"]
["HSV","HSV",{"$nulls":6},{"v":20480.41,"d":"20,480.41"}]
["PSV","PSV",{"$nulls":6},{"v":5472,"d":"5,472.00"}]
["MON","MON",{"$nulls":6},{"v":0,"d":"0.00"}]
["VN","Vedlejší náklady",{"$nulls":6},{"v":0,"d":"0.00"}]
["ON","Ostatní náklady",{"$nulls":6},{"v":0,"d":"0.00"}]
[null,"Celkem",{"$nulls":6},{"$f":"SUM(I16:J20)","v":{"v":25952.41,"d":"25,952.41"}}]
[null,"Rekapitulace daní"]
[null,"Základ pro sníženou DPH",null,null,12,"%",{"v":0,"d":"0.00"},null,null,{"$f":"Mena","v":"CZK"}]
[null,"Snížená DPH ",null,null,{"$f":"SazbaDPH1","v":12},"%",{"v":0,"d":"0.00"},null,null,"CZK"]
[null,"Základ pro základní DPH",null,null,21,"%",{"v":25952.41,"d":"25,952.41"},null,null,"CZK"]
[null,"Základní DPH ",null,null,{"$f":"SazbaDPH2","v":21},"%",{"v":5450.01,"d":"5,450.01"},null,null,"CZK"]
[null,"Zaokrouhlení",{"$nulls":4},{"v":0,"d":"0.00"},null,null,"CZK"]
[null,"Cena celkem bez DPH",{"$nulls":4},{"v":25952.41,"d":"25,952.41"},null,null,"CZK"]
[null,"Cena celkem s DPH",{"$nulls":4},{"v":31402.42,"d":"31,402.42"},null,null,"CZK"]
[]
[]
[null,null,"v",null,null,"dne"]
[]
[]
[{"$nulls":3},"Za zhotovitele",{"$nulls":3},"Za objednatele"]
[]
[null,"Rekapitulace dílčích částí"]
["#CASTI>>","Číslo","Název",null,null,{"$f":"B23","v":"Základ pro sníženou DPH"},{"$f":"B25","v":"Základ pro základní DPH"},"DPH celkem","Cena celkem","%"]
[{"v":1,"d":"1.00"},"Stavba",{"$nulls":3},{"v":0,"d":"0.00"},{"v":25952.41,"d":"25,952.41"},null,{"v":25952.41,"d":"25,952.41"},{"$f":"IF(_xlfn.SINGLE(CenaCelkemVypocet)=0,\"\",I39/_xlfn.SINGLE(CenaCelkemVypocet)*100)","v":100}]
[{"v":2,"d":"2.00"},"5","Vybourání šaten v I. NP",null,null,{"v":0,"d":"0.00"},{"v":25952.41,"d":"25,952.41"},null,{"v":25952.41,"d":"25,952.41"},{"$f":"IF(_xlfn.SINGLE(CenaCelkemVypocet)=0,\"\",I40/_xlfn.SINGLE(CenaCelkemVypocet)*100)","v":100}]
[{"v":3,"d":"3.00"},"1","stavba",null,null,{"v":0,"d":"0.00"},{"v":25952.41,"d":"25,952.41"},null,{"v":25952.41,"d":"25,952.41"},{"$f":"IF(_xlfn.SINGLE(CenaCelkemVypocet)=0,\"\",I41/_xlfn.SINGLE(CenaCelkemVypocet)*100)","v":100}]
[null,"Celkem za stavbu",{"$nulls":3},{"$f":"SUMIF(A39:A41,\"=1\",F39:F41)","v":{"v":0,"d":"0.00"}},{"$f":"SUMIF(A39:A41,\"=1\",G39:G41)","v":{"v":25952.41,"d":"25,952.41"}},{"$f":"SUMIF(A39:A41,\"=1\",H39:H41)","v":{"v":0,"d":"0.00"}},{"$f":"SUMIF(A39:A41,\"=1\",I39:I41)","v":{"v":25952.41,"d":"25,952.41"}},{"$f":"SUMIF(A39:A41,\"=1\",J39:J41)","v":100}]
[]
[]
[]
[null,"Rekapitulace dílů"]
[]
[null,"Číslo","Název",null,null,"Typ dílu",null,null,"Celkem","%"]
[null,"61","Úpravy povrchů vnitřní",null,null,"HSV",null,null,{"v":8538.88,"d":"8,538.88"},{"$f":"IF(I55=0,\"\",I49/I55*100)","v":{"v":32.9020695958487,"d":"32.9"}}]
[null,"95","Dokončovací konstrukce na pozemních stavbách",null,null,"HSV",null,null,{"v":3125,"d":"3,125.00"},{"$f":"IF(I55=0,\"\",I50/I55*100)","v":{"v":12.041270926283918,"d":"12.0"}}]
[null,"96","Bourání konstrukcí",null,null,"HSV",null,null,{"v":3122.14,"d":"3,122.14"},{"$f":"IF(I55=0,\"\",I51/I55*100)","v":{"v":12.030250755132183,"d":"12.0"}}]
[null,"99","Staveništní přesun hmot",null,null,"HSV",null,null,150.78,{"$f":"IF(I55=0,\"\",I52/I55*100)","v":{"v":0.5809865056848285,"d":"0.6"}}]
[null,"767","Konstrukce zámečnické",null,null,"PSV",null,null,{"v":5472,"d":"5,472.00"},{"$f":"IF(I55=0,\"\",I53/I55*100)","v":{"v":21.084747042760192,"d":"21.1"}}]
[null,"D96","Přesuny suti a vybouraných hmot",null,null,"PSU",null,null,{"v":5543.61,"d":"5,543.61"},{"$f":"IF(I55=0,\"\",I54/I55*100)","v":{"v":21.36067517429017,"d":"21.4"}}]
[null,"Cena celkem",{"$nulls":6},{"$f":"SUM(I49:I54)","v":{"v":25952.41,"d":"25,952.41"}},{"$f":"SUM(J49:J54)","v":{"v":99.99999999999999,"d":"100.0"}}]

{"sheet":"VzorPolozky","index":2,"n_rows":4,"n_cols":1,"rows_kept":4,"hidden":true,"merged":[[0,0,0,6],[1,2,1,6],[2,2,2,6],[3,2,3,6]]}
["Položkový rozpočet "]
["S:"]
["O:"]
["R:"]

{"sheet":"5 1 Pol","index":3,"n_rows":32,"n_cols":33,"rows_kept":32,"merged":[[0,0,0,6],[1,2,1,6],[2,2,2,6],[3,2,3,6]]}
["Položkový rozpočet ",{"$nulls":31},"#TypZaznamu#"]
["S:","250403","ZŠ Gajdošova ",{"$nulls":29},"STA"]
["O:","5","Vybourání šaten v I. NP",{"$nulls":25},"STA",{"$nulls":3},"OBJ"]
["R:","1","stavba",{"$nulls":29},"ROZ"]
[]
["P.č.","Číslo položky","Název položky","MJ","Množství","Cena / MJ","Celkem","Dodávka","Dodávka celk.","Montáž","Montáž celk.","DPH","Cena s DPH","Hmotnost / MJ","Hmotnost celk.(t)","Dem. hmotnost / MJ","Dem. hmotnost celk.(t)","Ceník","Cen. soustava / platnost","Cenová úroveň","Nhod / MJ","Nhod celk.","Dodavatel","Typ položky","Stav položky"]
[]
["Díl:","61","Úpravy povrchů vnitřní",{"$nulls":3},{"v":8538.88,"d":"8,538.88"},null,963.61,null,{"v":7575.27,"d":"7,575.27"},{"$nulls":21},"DIL"]
[1,"612409991RT2","Začištění omítek kolem oken,dveří apod. s použitím suché maltové směsi","m",{"v":7,"d":"7.00000"},{"v":133,"d":"133.00"},{"v":931,"d":"931.00"},28.63,200.41,104.37,730.59,{"v":21,"d":"21.00"},{"v":1126.51,"d":"1,126.51"},0.00251,{"v":0.017570000000000002,"d":"0.01757"},{"v":0,"d":"0.00000"},{"v":0,"d":"0.00000"},null,"RTS 25/ I","Indiv",{"v":0.18233,"d":"0.18"},{"v":1.27631,"d":"1.28"},null,"Práce","Běžná",{"$nulls":7},"POL1_"]
[2,"612421231RT2","Oprava vápen.omítek stěn do 10 % pl. - štukových s použitím suché maltové směsi","m2",{"v":25.88,"d":"25.88000"},{"v":151,"d":"151.00"},{"v":3907.88,"d":"3,907.88"},29.49,{"v":763.2012,"d":"763.20"},121.51,{"v":3144.6788,"d":"3,144.68"},{"v":21,"d":"21.00"},{"v":4728.5348,"d":"4,728.53"},{"v":3.63E-3,"d":"0.00363"},{"v":0.0939444,"d":"0.09394"},{"v":0,"d":"0.00000"},{"v":0,"d":"0.00000"},null,"RTS 25/ I","RTS 25/ I",{"v":0.17016,"d":"0.17"},{"v":4.4037408,"d":"4.40"},null,"Práce","Běžná",{"$nulls":7},"POL1_"]
[3,"61882","Úprava sádrokartonové konstrukce u napojení příček","kpl.",{"v":1,"d":"1.00000"},{"v":3700,"d":"3,700.00"},{"v":3700,"d":"3,700.00"},{"v":0,"d":"0.00"},{"v":0,"d":"0.00"},{"v":3700,"d":"3,700.00"},{"v":3700,"d":"3,700.00"},{"v":21,"d":"21.00"},{"v":4477,"d":"4,477.00"},{"v":0,"d":"0.00000"},{"v":0,"d":"0.00000"},{"v":0,"d":"0.00000"},{"v":0,"d":"0.00000"},null,"Vlastní","Indiv",{"v":0,"d":"0.00"},{"v":0,"d":"0.00"},null,"Práce","Běžná",{"$nulls":7},"POL1_"]
["Díl:","95","Dokončovací konstrukce na pozemních stavbách",{"$nulls":3},{"v":3125,"d":"3,125.00"},null,94.25,null,{"v":3030.75,"d":"3,030.75"},{"$nulls":21},"DIL"]
[4,"952901111R00","Vyčištění budov o výšce podlaží do 4 m","m2",{"v":25,"d":"25.00000"},{"v":125,"d":"125.00"},{"v":3125,"d":"3,125.00"},3.77,94.25,121.23,{"v":3030.75,"d":"3,030.75"},{"v":21,"d":"21.00"},{"v":3781.25,"d":"3,781.25"},{"v":4e-05,"d":"0.00004"},{"v":1E-3,"d":"0.00100"},{"v":0,"d":"0.00000"},{"v":0,"d":"0.00000"},null,"RTS 25/ I","Indiv",{"v":0.308,"d":"0.31"},{"v":7.7,"d":"7.70"},null,"Práce","Běžná",{"$nulls":7},"POL1_"]
["Díl:","96","Bourání konstrukcí",{"$nulls":3},{"v":3122.14,"d":"3,122.14"},null,327.04,null,{"v":2795.1,"d":"2,795.10"},{"$nulls":21},"DIL"]
[5,"962031145R00","Bourání příček z tvárnic pórobetonových tl. 150 mm","m2",{"v":13.425,"d":"13.42500"},{"v":137.5,"d":"137.50"},{"v":1845.94,"d":"1,845.94"},19.43,{"v":260.84775,"d":"260.85"},118.07,{"v":1585.08975,"d":"1,585.09"},{"v":21,"d":"21.00"},{"v":2233.5874,"d":"2,233.59"},0.00067,{"v":8.994750000000001E-3,"d":"0.00899"},{"v":0.133,"d":"0.13300"},{"v":1.7855250000000003,"d":"1.78553"},null,"RTS 25/ I","RTS 25/ I",{"v":0.188,"d":"0.19"},{"v":2.5239000000000003,"d":"2.52"},null,"Práce","Běžná",{"$nulls":7},"POL1_"]
[6,"968061125R00","Vyvěšení dřevěných a plastových dveřních křídel pl. do 2 m2","kus",{"v":3,"d":"3.00000"},{"v":25.4,"d":"25.40"},{"v":76.2,"d":"76.20"},{"v":0,"d":"0.00"},{"v":0,"d":"0.00"},{"v":25.4,"d":"25.40"},{"v":76.19999999999999,"d":"76.20"},{"v":21,"d":"21.00"},{"v":92.202,"d":"92.20"},{"v":0,"d":"0.00000"},{"v":0,"d":"0.00000"},{"v":0,"d":"0.00000"},{"v":0,"d":"0.00000"},null,"RTS 25/ I","RTS 25/ I",0.05,{"v":0.15000000000000002,"d":"0.15"},null,"Práce","Běžná",{"$nulls":7},"POL1_"]
[7,"968072455R00","Vybourání kovových dveřních zárubní pl. do 2 m2","m2",{"v":4.8,"d":"4.80000"},{"v":250,"d":"250.00"},{"v":1200,"d":"1,200.00"},13.79,{"v":66.192,"d":"66.19"},236.21,{"v":1133.808,"d":"1,133.81"},{"v":21,"d":"21.00"},{"v":1452,"d":"1,452.00"},{"v":1.17E-3,"d":"0.00117"},{"v":0.005616,"d":"0.00562"},{"v":0.076,"d":"0.07600"},{"v":0.36479999999999996,"d":"0.36480"},null,"RTS 25/ I","Indiv",{"v":0.939,"d":"0.94"},{"v":4.507199999999999,"d":"4.51"},null,"Práce","Běžná",{"$nulls":7},"POL1_"]
["Díl:","99","Staveništní přesun hmot",{"$nulls":3},150.78,null,{"v":0,"d":"0.00"},null,150.78,{"$nulls":21},"DIL"]
[8,"999281145R00","Přesun hmot pro opravy a údržbu do v. 6 m, nošením","t",0.12713,{"v":1186,"d":"1,186.00"},150.78,{"v":0,"d":"0.00"},{"v":0,"d":"0.00"},{"v":1186,"d":"1,186.00"},{"v":150.77617999999998,"d":"150.78"},{"v":21,"d":"21.00"},{"v":182.4438,"d":"182.44"},{"v":0,"d":"0.00000"},{"v":0,"d":"0.00000"},{"v":0,"d":"0.00000"},{"v":0,"d":"0.00000"},null,"RTS 25/ I","Indiv",{"v":2.1,"d":"2.10"},{"v":0.266973,"d":"0.27"},null,"Přesun hmot","Běžná",{"$nulls":7},"POL7_"]
["Díl:","767","Konstrukce zámečnické",{"$nulls":3},{"v":5472,"d":"5,472.00"},null,{"v":448.8,"d":"448.80"},null,{"v":5023.2,"d":"5,023.20"},{"$nulls":21},"DIL"]
[9,"767996802R00","Demontáž atypických ocelových konstr. do 100 kg","kg",{"v":68,"d":"68.00000"},{"v":29,"d":"29.00"},{"v":1972,"d":"1,972.00"},{"v":6.6,"d":"6.60"},{"v":448.79999999999995,"d":"448.80"},{"v":22.4,"d":"22.40"},{"v":1523.1999999999998,"d":"1,523.20"},{"v":21,"d":"21.00"},{"v":2386.12,"d":"2,386.12"},{"v":5e-05,"d":"0.00005"},{"v":3.4000000000000002E-3,"d":"0.00340"},{"v":1E-3,"d":"0.00100"},{"v":0.068,"d":"0.06800"},null,"RTS 25/ I","Indiv",0.05,{"v":3.4000000000000004,"d":"3.40"},null,"Práce","Běžná",{"$nulls":7},"POL1_"]
[10,"767882","Úprava mříže u poslední nebourané kóje","kpl.",{"v":1,"d":"1.00000"},{"v":3500,"d":"3,500.00"},{"v":3500,"d":"3,500.00"},{"v":0,"d":"0.00"},{"v":0,"d":"0.00"},{"v":3500,"d":"3,500.00"},{"v":3500,"d":"3,500.00"},{"v":21,"d":"21.00"},{"v":4235,"d":"4,235.00"},{"v":0,"d":"0.00000"},{"v":0,"d":"0.00000"},{"v":0,"d":"0.00000"},{"v":0,"d":"0.00000"},null,"Vlastní","Indiv",{"v":0,"d":"0.00"},{"v":0,"d":"0.00"},null,"Práce","Běžná",{"$nulls":7},"POL1_"]
["Díl:","D96","Přesuny suti a vybouraných hmot",{"$nulls":3},{"v":5543.61,"d":"5,543.61"},null,{"v":0,"d":"0.00"},null,{"v":5543.61,"d":"5,543.61"},{"$nulls":21},"DIL"]
[11,"979086112R00","Nakládání nebo překládání suti a vybouraných hmot","t",2.21833,{"v":120,"d":"120.00"},{"v":266.2,"d":"266.20"},{"v":0,"d":"0.00"},{"v":0,"d":"0.00"},{"v":120,"d":"120.00"},{"v":266.1996,"d":"266.20"},{"v":21,"d":"21.00"},{"v":322.102,"d":"322.10"},{"v":0,"d":"0.00000"},{"v":0,"d":"0.00000"},{"v":0,"d":"0.00000"},{"v":0,"d":"0.00000"},null,"RTS 25/ I","Indiv",{"v":0.277,"d":"0.28"},{"v":0.61447741,"d":"0.61"},null,"Přesun suti","Běžná",{"$nulls":7},"POL8_"]
[12,"979011111R00","Svislá doprava suti a vybour. hmot za 2.NP a 1.PP","t",2.21833,{"v":520,"d":"520.00"},{"v":1153.53,"d":"1,153.53"},{"v":0,"d":"0.00"},{"v":0,"d":"0.00"},{"v":520,"d":"520.00"},{"v":1153.5316,"d":"1,153.53"},{"v":21,"d":"21.00"},{"v":1395.7712999999999,"d":"1,395.77"},{"v":0,"d":"0.00000"},{"v":0,"d":"0.00000"},{"v":0,"d":"0.00000"},{"v":0,"d":"0.00000"},null,"RTS 25/ I","RTS 25/ I",{"v":0.933,"d":"0.93"},{"v":2.06970189,"d":"2.07"},null,"Přesun suti","Běžná",{"$nulls":7},"POL8_"]
[13,"979081111R00","Odvoz suti a vybour. hmot na skládku do 1 km","t",2.21833,{"v":317,"d":"317.00"},703.21,{"v":0,"d":"0.00"},{"v":0,"d":"0.00"},{"v":317,"d":"317.00"},{"v":703.21061,"d":"703.21"},{"v":21,"d":"21.00"},{"v":850.8841,"d":"850.88"},{"v":0,"d":"0.00000"},{"v":0,"d":"0.00000"},{"v":0,"d":"0.00000"},{"v":0,"d":"0.00000"},null,"RTS 25/ I","Indiv",1.96,{"v":4.3479268,"d":"4.35"},null,"Přesun suti","Běžná",{"$nulls":7},"POL8_"]
[14,"979081121R00","Příplatek k odvozu za každý další 1 km","t",{"v":26.6199,"d":"26.61990"},{"v":27,"d":"27.00"},718.74,{"v":0,"d":"0.00"},{"v":0,"d":"0.00"},{"v":27,"d":"27.00"},{"v":718.7373,"d":"718.74"},{"v":21,"d":"21.00"},{"v":869.6754,"d":"869.68"},{"v":0,"d":"0.00000"},{"v":0,"d":"0.00000"},{"v":0,"d":"0.00000"},{"v":0,"d":"0.00000"},null,"RTS 25/ I","Indiv",{"v":0,"d":"0.00"},{"v":0,"d":"0.00"},null,"Přesun suti","Běžná",{"$nulls":7},"POL8_"]
[15,"979082111R00","Vnitrostaveništní doprava suti do 10 m","t",2.21833,{"v":450,"d":"450.00"},998.25,{"v":0,"d":"0.00"},{"v":0,"d":"0.00"},{"v":450,"d":"450.00"},{"v":998.2484999999999,"d":"998.25"},{"v":21,"d":"21.00"},{"v":1207.8825,"d":"1,207.88"},{"v":0,"d":"0.00000"},{"v":0,"d":"0.00000"},{"v":0,"d":"0.00000"},{"v":0,"d":"0.00000"},null,"RTS 25/ I","Indiv",{"v":0.942,"d":"0.94"},{"v":2.08966686,"d":"2.09"},null,"Přesun suti","Běžná",{"$nulls":7},"POL8_"]
[16,"979082121R00","Příplatek k vnitrost. dopravě suti za dalších 5 m","t",{"v":8.8733,"d":"8.87330"},{"v":50,"d":"50.00"},443.67,{"v":0,"d":"0.00"},{"v":0,"d":"0.00"},{"v":50,"d":"50.00"},{"v":443.665,"d":"443.67"},{"v":21,"d":"21.00"},{"v":536.8407,"d":"536.84"},{"v":0,"d":"0.00000"},{"v":0,"d":"0.00000"},{"v":0,"d":"0.00000"},{"v":0,"d":"0.00000"},null,"RTS 25/ I","Indiv",{"v":0.105,"d":"0.11"},{"v":0.9316965,"d":"0.93"},null,"Přesun suti","Běžná",{"$nulls":7},"POL8_"]
[17,"979999999R00","Poplatek za skládku 10 % příměsí - DUFONEV Brno","t",2.21833,{"v":568,"d":"568.00"},{"v":1260.01,"d":"1,260.01"},{"v":0,"d":"0.00"},{"v":0,"d":"0.00"},{"v":568,"d":"568.00"},{"v":1260.01144,"d":"1,260.01"},{"v":21,"d":"21.00"},{"v":1524.6121,"d":"1,524.61"},{"v":0,"d":"0.00000"},{"v":0,"d":"0.00000"},{"v":0,"d":"0.00000"},{"v":0,"d":"0.00000"},null,"RTS 25/ I","Indiv",{"v":0,"d":"0.00"},{"v":0,"d":"0.00"},null,"Přesun suti","Běžná",{"$nulls":7},"POL8_"]
[{"$nulls":30},12,21,"DPH"]
[{"$nulls":32},"END"]